000 00780nam a2200181Ia 4500
008 090124s9999 xx 000 0 und d
082 _b2628
_a736
100 _aताडपत्रीकर भिडे व
245 _a दिव्यप्रेम मोत्यांचा कंठा जिवाचा जिवलग
250 _a1
260 _c1924
300 _a143
600 _aताडपत्रीकर भिडे व
630 _a दिव्यप्रेम मोत्यांचा कंठा जिवाचा जिवलग
700 _aताडपत्रीकर भिडे व
730 _a दिव्यप्रेम मोत्यांचा कंठा जिवाचा जिवलग
942 _cBOOK
999 _c116573
_d116573